Interaction effects in multiple regression

Αποθηκεύτηκε σε:
Λεπτομέρειες βιβλιογραφικής εγγραφής
Κύριος συγγραφέας: Jaccard, James
Άλλοι συγγραφείς: Turrisi, Robert, Wan, Chio K.
Μορφή: Βιβλίο
Γλώσσα:English
Δημοσίευση: Newbury Park : Sage Publications, c1990
Σειρά:Sage university papers series. Quantitative applications in the social sciences ; ; 72
Θέματα:
Ετικέτες: Προσθήκη ετικέτας
Δεν υπάρχουν, Καταχωρήστε ετικέτα πρώτοι!

MARC

LEADER 00000nam a2200000 i 4500
001 1/17914
008 981014s1990 eng d
020 |a 0-8039-3703-2 
035 |l 10020726 
040 |a GR-MY-UA  |b gre  |e aacr 
041 0 |a eng 
082 0 |a 519.5360243 
100 1 |a Jaccard, James. 
245 1 0 |a Interaction effects in multiple regression /  |c James Jaccard, Robert Turrisi, Choi K. Wan 
260 |a Newbury Park :   |b Sage Publications,   |c c1990 
300 |a 95 p. 
490 1 |a Sage university papers series. Quantitative applications in the social sciences  |v ; 72 
504 |a Includes bibliographical references 
650 0 0 |a Regression analysis. 
650 0 0 |a Social sciences  |x Statistical methods. 
700 1 |a Turrisi, Robert. 
700 1 |a Wan, Chio K. 
830 0 |a Sage university papers series. Quantitative applications in the social sciences ;  |v ; 72 
852 |a INST  |b LESVOS  |e 19981014  |h 519.5360243 JAC  |p 005100018429  |q 005100018429  |t BK  |y 0 
901 |a BIBL-1999-1 
909 |a Λ  |b 059642 
922 |a 1ΕΛΗ  |b 199809  |c ΚΠΣ/ΤΓ  |d ΠΑΠΑΣΩΤΗΡΙΟΥ 
950 |a 118-1998-07-23